00703cam a22002411 4500001001300000003000400013005001700017008004100034010001700075035002000092040001800112042001200130050001400142110007100156245006600227260001100293300002100304500001500325650002900340650004500369740003000414999001700444sa 68013912 DLC20260227112627.0890601s1967 xx 000 0 beno  asa 68013912  a(OCoLC)23566594 aDLCcMiUdDLC apremarc00aQD5b.C372 aCentral Board for Development of Bengali (East Pakistan, Pakistan)10aRasāẏana-paribhāshā-kosha.bTerminology of chemistry. c[1967] a3, 63 p.c25 cm. aRomanized. 0aChemistryvDictionaries. 0aEnglish languagexDictionariesxBengali.0 aTerminology of chemistry. c85438d85438